| LEADER | 01161nam a2200253 i 4500 | ||
|---|---|---|---|
| 001 | GR-MES216 | ||
| 003 | GR-PaULI | ||
| 005 | 20240923124611.0 | ||
| 008 | 991111s1987 njua g 001 b eng d | ||
| 020 | |a 0866224912 | ||
| 040 | |a GrPaTEI |b gre |c GR-PaULI |e AACR2 | ||
| 082 | 0 | 4 | |2 23 |a 639.3 |
| 100 | 1 | |a Post, George |9 205993 |e συγγραφέας. | |
| 245 | 1 | 0 | |a Textbook of fish health / |c Dr. George Post. |
| 250 | |a 2η έκδ. αναθ. | ||
| 260 | |a New Jersey : |b T.F.H., |c c1987. | ||
| 300 | |a 288 σ. : |b εικ. ; |c 29 εκ. | ||
| 504 | |a Περιλαμβάνει βιβλιογραφία και ευρετήριο. | ||
| 650 | 4 | |a Ψάρια |x Ασθένειες |9 115834 | |
| 942 | |2 ddc |c BK | ||
| 952 | |0 0 |1 0 |2 ddc |4 0 |6 639_300000000000000_POS |7 0 |9 263473 |a MSLG |b MSLG |c BSC |d 2021-01-17 |e 24 |f 0 |g 0.00 |i 423 |l 0 |o 639.3 POS |p 2420000000423 |r 2021-01-17 00:00:00 |t 1 |w 2021-01-17 |y BK15 |x 19991111 0 1 |x GrPaTEI | ||
| 952 | |0 0 |1 0 |2 ddc |4 0 |6 639_300000000000000_POS |7 0 |9 263474 |a MSLG |b MSLG |c BSC |d 2021-01-17 |e 24 |f 0 |g 0.00 |i 3787 |l 0 |o 639.3 POS |p 2420000003787 |r 2021-01-17 00:00:00 |t 2 |w 2021-01-17 |y BK15 |x 19991111 0 1 |x GrPaTEI | ||
| 998 | |c ΒΑΣΙΛΕΙΟΥ |d 2024-09 | ||
| 999 | |c 151666 |d 151666 | ||